000 00465nam a2200181Ia 4500
001 10183
005 20260306161813.0
008 260306t2004||||xx |||||||||||||| ||spa||
041 _aESP
082 _a907.2
_bH45
100 _aHernández Sandoica, Elena
_eAUT
245 0 _aTendencias historiográficas actuales:
_bescribir historia hoy
260 _c2004
300 _a574 páginas :
_c22 cm.
650 _aGEN
654 _aCHU
942 _cLIB
_dJUS
_fJUS
_2ddc
_n
999 _c10183
_d10183